000 00409nam a2200169Ia 4500
005 20250508154237.0
008 008 250505s9999 xx 000 0 eng d
020 _a978-81-317-2075-2
037 _aPeriodicals
040 _aFEDL
_beng
_cFEDL
041 _aeng
_2eng
084 _qFEDL
245 0 _aHindu survey of Indian industry 1961
300 _a48p.
942 _cCR
999 _c1349065
_d1349065